Geología de los ríos Apurimac y Urubamba. (Record no. 28347)
[ view plain ]
| 000 -LEADER | |
|---|---|
| fixed length control field | 00695cam a22002291 4500 |
| 001 - CONTROL NUMBER | |
| control field | gs 49000078 |
| 003 - CONTROL NUMBER IDENTIFIER | |
| control field | DLC |
| 005 - DATE AND TIME OF LATEST TRANSACTION | |
| control field | 20260227111355.0 |
| 008 - FIXED-LENGTH DATA ELEMENTS--GENERAL INFORMATION | |
| fixed length control field | 850927s1948 pe bf b f000 0 spa c |
| 010 ## - LIBRARY OF CONGRESS CONTROL NUMBER | |
| LC control number | gs 49000078 |
| 035 ## - SYSTEM CONTROL NUMBER | |
| System control number | (OCoLC)12608831 |
| 040 ## - CATALOGING SOURCE | |
| Original cataloging agency | U. S. Geol. Survey. Libr. |
| Transcribing agency | TxHR |
| Modifying agency | DLC |
| 042 ## - AUTHENTICATION CODE | |
| Authentication code | premarc |
| 050 00 - LIBRARY OF CONGRESS CALL NUMBER | |
| Classification number | QE247 |
| Item number | .H39 |
| 100 1# - MAIN ENTRY--PERSONAL NAME | |
| Personal name | Heim, Arnold, |
| Dates associated with a name | 1882-1965. |
| 245 10 - TITLE STATEMENT | |
| Title | Geología de los ríos Apurimac y Urubamba. |
| 260 ## - PUBLICATION, DISTRIBUTION, ETC. | |
| Place of publication, distribution, etc. | Lima, |
| Date of publication, distribution, etc. | 1948. |
| 300 ## - PHYSICAL DESCRIPTION | |
| Extent | 25 p. |
| Other physical details | plates, fold. map, fold. profile. |
| Dimensions | 25 cm. |
| 410 20 - SERIES STATEMENT/ADDED ENTRY--CORPORATE NAME [OBSOLETE, CAN/MARC], [LOCAL, USA] | |
| Corporate name or jurisdiction name as entry element | Instituto Geológico del Perú. |
| Title of a work | Boletín |
| Volume number/sequential designation | 10 |
| 504 ## - BIBLIOGRAPHY, ETC. NOTE | |
| Bibliography, etc. note | Bibliographical footnotes. |
| 650 #0 - SUBJECT ADDED ENTRY--TOPICAL TERM | |
| Topical term or geographic name entry element | Geology |
| Geographic subdivision | Peru |
| -- | Cuzco (Department) |
No items available.